Bundesländer in Deutschland - Statistiken

Allgemein
  • Dieses Quiz wurde 138 mal gespielt
  • Das Durchschnittsergebnis liegt bei 15 aus 16
Answers on the Grid
Answers color-coded by a green-red scale on the quiz's grid according to % correct below.
Niedersachsen
Nordrhein Westfalen
Bayern
Saarland
Hamburg
Berlin
Bremen
Thüringen
Hessen
Schleswig Holstein
Mecklenburg Vorpommern
Brandenburg
Sachsen
Sachsen Anhalt
Baden Württemberg
Rheinland Pfalz
Hannover
London
München
Deutschland
Tirol
Südtirol
Mitteldeutschland
Nordsee
 
Antwortstatistiken
Antwort % Korrekt
Hamburg
98%
Niedersachsen
98%
Sachsen
97%
Baden Württemberg
95%
Berlin
95%
Hessen
95%
Sachsen Anhalt
95%
Bayern
94%
Bremen
94%
Mecklenburg Vorpommern
94%
Nordrhein Westfalen
94%
Schleswig Holstein
94%
Brandenburg
92%
Rheinland Pfalz
92%
Saarland
92%
Thüringen
92%
Keine übereinstimmenden Quizze gefunden
Verteilung der Resultate
Anzahl Personen mit jedem Resultat
Perzentil nach korrekt beantworteten Fragen
Ihre Resultats-Entwicklung
Sie haben dieses Quiz noch nicht gespielt